000
00293nam a2200109Ia 4500
008
171211s9999 xx 000 0 und d
245
_a
25 Natural Ways to Relieve Headaches
245
_c
Romy Fox
260
_c
2002
650
_x
FITNESS
856
_u
http://down.ebook777.com/061/0071402748.pdf
999
_c
349113
_d
349113